[Event "POL-chT3 Kujawsko-Pomorskie 2223"]
[Site "Poland"]
[Date "2023.??.??"]
[Round "6.13"]
[White "Balcerzak, Robert"]
[Black "Grzelak, Jaroslaw"]
[Result "1/2-1/2"]
[WhiteElo "1434"]
[BlackElo "1835"]
[PlyCount "112"]
[EventDate "2022.11.13"]
[EventType "team-swiss"]
[EventRounds "7"]
[EventCountry "POL"]
[SourceTitle "EXT 2024"]
[Source "ChessBase"]
[SourceDate "2023.10.10"]
[SourceVersion "1"]
[SourceVersionDate "2023.10.10"]
[SourceQuality "1"]

1. e4 c5 2. Nf3 d6 3. d4 cxd4 4. Nxd4 Nf6 5. Nc3 g6 6. Be2 Bg7 7. Bg5 h6 8. Bh4 0-0 9. 0-0 Nc6 10. Nb3 Be6 11. Kh1 a5 12. a4 Nb4 13. Nd4 Bd7 14. f4 Qb6 15. e5 dxe5 16. fxe5 Nfd5 17. Nxd5 Nxd5 18. Nb3 Be6 19. Qd4 Qc7 20. Nc5 Bxe5 21. Qc4 Rfc8 22. Qe4 Qxc5 23. Qxe5 Ne3 24. Qxc5 Rxc5 25. Rf3 Nf5 26. Bf2 Rxc2 27. b3 Rac8 28. Bb5 Rc1+ 29. Rxc1 Rxc1+ 30. Bg1 Nd4 31. Rf1 Rxf1 32. Bxf1 Nxb3 33. Be3 Kg7 34. Bb5 Bd5 35. Kg1 e5 36. Kf2 f5 37. g3 Nd4 38. Bxd4 exd4 39. Ke2 Be4 40. Bd3 Kf6 41. Bc4 Ke5 42. Bf7 g5 43. h3 f4 44. gxf4+ Kxf4 45. Kf2 Bc6 46. Bb3 b5 47. axb5 Bxb5 48. Bd1 a4 49. Bc2 a3 50. Bb3 d3 51. Ke1 Ke3 52. Kd1 Ba4 53. Bc2 a2 54. Kc1 a1Q+ 55. Bb1 h5 56. h4 g4 1/2-1/2

[Event "POL-chT3 Kujawsko-Pomorskie 2223"]
[Site "Poland"]
[Date "2023.??.??"]
[Round "4.18"]
[White "Balcerzak, Robert"]
[Black "Matusiak, Marcin1111"]
[Result "1/2-1/2"]
[WhiteElo "1434"]
[BlackElo "1606"]
[PlyCount "63"]
[EventDate "2022.11.13"]
[EventType "team-swiss"]
[EventRounds "7"]
[EventCountry "POL"]
[SourceTitle "EXT 2024"]
[Source "ChessBase"]
[SourceDate "2023.10.10"]
[SourceVersion "1"]
[SourceVersionDate "2023.10.10"]
[SourceQuality "1"]

1. e4 c5 2. Nf3 g6 3. d4 cxd4 4. Nxd4 Bg7 5. Nc3 Nc6 6. Nb3 Nf6 7. Be2 0-0 8. Bg5 h6 9. Bh4 d6 10. 0-0 Be6 11. Kh1 Nd7 12. f4 f5 13. exf5 Bxf5 14. Bf3 Nb6 15. Qe2 Bf6 16. Bxf6 Rxf6 17. Nd5 Nxd5 18. Bxd5+ Kh7 19. Rae1 e5 20. Bxc6 bxc6 21. fxe5 Re6 22. Qc4 Rxe5 23. Nd4 Rxe1 24. Qf7+ Kh8 25. Rxe1 Qf8 26. Qc7 Re8 27. Rf1 c5 28. Nb5 Qe7 29. Qxd6 Qe2 30. Qf6+ Kg8 31. Rxf5 gxf5 32. Qg6+ 1/2-1/2

[Event "Polanica Zdroj op-D 58th"]
[Site "Polanica Zdroj"]
[Date "2022.08.14"]
[Round "2"]
[White "Balcerzak, Robert"]
[Black "Wilgosz, Jan"]
[Result "0-1"]
[WhiteElo "1357"]
[BlackElo "1597"]
[PlyCount "56"]
[EventDate "2022.08.13"]
[EventType "swiss"]
[EventRounds "9"]
[EventCountry "POL"]
[SourceTitle "CBM 210 Extra"]
[Source "ChessBase"]
[SourceDate "2022.11.30"]
[SourceVersion "1"]
[SourceVersionDate "2022.11.30"]
[SourceQuality "1"]

1. e4 e5 2. d4 exd4 3. Nf3 Nc6 4. c3 Nge7 5. cxd4 d5 6. e5 Bg4 7. Nbd2 Nf5 8. h3 Bxf3 9. Nxf3 Bb4+ 10. Bd2 Bxd2+ 11. Qxd2 Nh4 12. Nxh4 Qxh4 13. Bb5 Qe4+ 14. Kf1 0-0 15. Bxc6 bxc6 16. Re1 Qg6 17. Rc1 Rab8 18. Qc2 Qh5 19. b3 Rb6 20. Qc3 Qf5 21. Qf3 Qe6 22. Qg4 Qe7 23. Rc5 f6 24. Qh4 Qe8 25. f4 fxe5 26. dxe5 Qxe5 27. Qe1 Rxf4+ 28. Kg1 Qxe1+ 0-1

[Event "POL-chT3 Kujawsko-Pomorskie 2223"]
[Site "Poland"]
[Date "2022.??.??"]
[Round "1.18"]
[White "Wisniewski, Szymon"]
[Black "Balcerzak, Robert"]
[Result "1-0"]
[WhiteElo "1727"]
[BlackElo "1434"]
[PlyCount "79"]
[EventDate "2022.11.13"]
[EventType "team-swiss"]
[EventRounds "7"]
[EventCountry "POL"]
[SourceTitle "EXT 2024"]
[Source "ChessBase"]
[SourceDate "2023.10.10"]
[SourceVersion "1"]
[SourceVersionDate "2023.10.10"]
[SourceQuality "1"]

1. e4 Nf6 2. Nc3 d5 3. exd5 Nxd5 4. Bc4 c6 5. d4 Bf5 6. Nge2 e6 7. 0-0 Be7 8. Ng3 Nxc3 9. bxc3 Bg6 10. f4 0-0 11. f5 exf5 12. Nxf5 Bxf5 13. Rxf5 Nd7 14. Qf3 Bf6 15. Ba3 Re8 16. Rf1 Nb6 17. Bb3 Nd5 18. Bxd5 cxd5 19. Rxd5 Qc8 20. Bd6 Qe6 21. Be5 Be7 22. Rb5 b6 23. Rb3 Bg5 24. Re1 Bd2 25. Re2 f6 26. Rxd2 fxe5 27. Re2 e4 28. Qh3 Qxh3 29. gxh3 Re6 30. d5 Re5 31. c4 Rc8 32. Rb4 Kf7 33. Kf2 Rc5 34. Ke3 Kf6 35. Kd4 e3 36. Rb3 Ra5 37. a3 Rh5 38. Rexe3 Ra4 39. Re6+ Kf7 40. Rf3+ 1-0